00318nam a2200109Ia 4500008004100000100005200041245005300093250001200146260002900158300000800187650001300195190216s9999||||xx |||||||||||||| ||und|| a"Srivastava. Uk , Shenoy. G.V And Sharma. Sc" 0aQuantitatvie Techniques For Managerial Decisions a2nd Ed. bKing`S Books Delhic1996 a942 aCommerce